000 00651nam a22002417a 4500
005 20250508165416.0
008 250508b |||||||| |||| 00| 0 eng d
037 _cTB
040 _aLCT
_cLCT
041 _2eng
_aeng
_heng
084 _aX8(A):97 Q16
100 _aMisra, S N
245 _aLabour & Industrial Laws/
250 _a28th ed.
260 _a[s.l.]
_bCentral Law Publication
_c2016
300 _alxxxviii, 1216p.
650 _aLabour Law
650 _aIndustrial Law
650 _aBonus Act
650 _aTrade Union
650 _aStrikes and Lockouts
_9780771
942 _2CC
_cTB
_hX8(A):97 Q16
_n0
999 _c1394943
_d1394943